[Event "IV Torneo Internacional Ciudad de La Lag"]
[Site "Casino de La Laguna. C/ Nava y"]
[Date "2010.04.07"]
[Round "3"]
[White "Pinto Henriquez, Rodrigo"]
[Black "Guerra Arrocha, Daniel"]
[Result "1-0"]
[WhiteElo "2212"]
[BlackElo "1625"]
[PlyCount "87"]
[EventDate "2010.04.05"]

1. d4 Nf6 2. c4 g6 3. Nc3 Bg7 4. e4 d6 5. Be2 O-O 6. Nf3 e5 7. O-O Nc6 8. d5
Ne7 9. Ne1 Ne8 10. Nd3 f5 11. f3 f4 12. Kf2 g5 13. Ke1 Ng6 14. Kd2 Nf6 15. Kc2
h5 16. h3 c6 17. Bd2 cxd5 18. cxd5 Bd7 19. Rc1 a5 20. Nf2 Qb8 21. Bb5 Rc8 22.
Qe2 Bxb5 23. Qxb5 Rc5 24. Qe2 b5 25. Kb1 b4 26. Na4 Rb5 27. b3 Nd7 28. Rc6 Nc5
29. Nxc5 Rxc5 30. Rxc5 dxc5 31. Qc4 a4 32. Bc1 axb3 33. axb3 Qa7 34. Bb2 Qa6
35. Qxa6 Rxa6 36. Nd3 Ra5 37. Rc1 Nh4 38. Rc2 Kf7 39. Nxc5 Ke7 40. Nd3 Ng6 41.
Nxb4 Rb5 42. Nc6+ Kd7 43. Ka2 Rb6 44. Rc4 1-0

[Event "IV Torneo Internacional Ciudad de La Lag"]
[Site "Casino de La Laguna. C/ Nava y"]
[Date "2010.04.07"]
[Round "3"]
[White "Alvarado Diaz, Alejandro"]
[Black "Galvan Sarmiento, Jose Luis"]
[Result "1-0"]
[WhiteElo "1935"]
[BlackElo "2061"]
[PlyCount "37"]
[EventDate "2010.04.05"]

1. d4 d5 2. c4 e6 3. Nc3 Nf6 4. Nf3 c6 5. e3 Bd6 6. Bd3 Nbd7 7. e4 dxe4 8. Nxe4
Nxe4 9. Bxe4 Nf6 10. Bc2 Bb4+ 11. Bd2 Be7 12. Bc3 b6 13. O-O Bb7 14. Re1 Qc7
15. Qe2 O-O 16. Ne5 Rfd8 17. Ng4 Qf4 18. Ne5 Qg5 19. Nxf7 1-0

[Event "IV Torneo Internacional Ciudad de La Lag"]
[Site "Casino de La Laguna. C/ Nava y"]
[Date "2010.04.07"]
[Round "3"]
[White "Rodriguez Ferraz, Borja"]
[Black "Rodriguez Fernandez, Cristian A"]
[Result "1-0"]
[WhiteElo "2037"]
[BlackElo "1970"]
[PlyCount "93"]
[EventDate "2010.04.05"]

1. d4 Nf6 2. c4 g6 3. Nc3 Bg7 4. e4 d6 5. Nf3 O-O 6. Be2 e5 7. O-O Nbd7 8. d5
Nc5 9. Qc2 a5 10. Be3 Nh5 11. a3 Nf4 12. b4 Nd7 13. c5 Nf6 14. Nd2 Nxe2+ 15.
Nxe2 Ng4 16. Qc3 f5 17. f3 Nxe3 18. Qxe3 axb4 19. axb4 Rxa1 20. Rxa1 c6 21. Nc3
dxc5 22. bxc5 cxd5 23. exd5 Re8 24. Re1 Qh4 25. f4 e4 26. Rc1 Bd7 27. Nc4 g5
28. Ne2 gxf4 29. Nxf4 Bh6 30. g3 Qf6 31. Nd6 Ra8 32. Nxb7 Qb2 33. c6 Bc8 34.
Qc3 Qb6+ 35. Qc5 Qb2 36. Rc2 Ra1+ 37. Kg2 Qb1 38. Kh3 Qd1 39. Qf2 e3 40. Re2
Bxf4 41. gxf4 Qxd5 42. Qxe3 Bxb7 43. Qe8+ Kg7 44. Qe7+ Kh8 45. Qf8+ Qg8 46.
Qxg8+ Kxg8 47. cxb7 1-0

[Event "IV Torneo Internacional Ciudad de La Lag"]
[Site "Casino de La Laguna. C/ Nava y"]
[Date "2010.04.07"]
[Round "3"]
[White "Capote Robayna, Nathaniel"]
[Black "Lasinskas, Povilas"]
[Result "0-1"]
[WhiteElo "1933"]
[BlackElo "2167"]
[PlyCount "80"]
[EventDate "2010.04.05"]

1. d4 Nf6 2. c4 e6 3. Nc3 Bb4 4. f3 d5 5. a3 Bxc3+ 6. bxc3 c5 7. cxd5 exd5 8.
e3 Bf5 9. Ne2 O-O 10. Ng3 Bg6 11. Bd3 Nc6 12. O-O Re8 13. Re1 Rc8 14. Bb2 Na5
15. e4 cxd4 16. cxd4 Nc4 17. Bxc4 Rxc4 18. Qb3 Qd7 19. Re2 h5 20. e5 Nh7 21. f4
Rec8 22. Rf1 Bc2 23. Qf3 h4 24. Nh1 Be4 25. Qe3 Qg4 26. g3 Qh3 27. gxh4 Qxh4
28. Nf2 Bf5 29. Qg3 Qh5 30. Re3 R8c6 31. Qg2 Rc2 32. Qxd5 Rxb2 33. Qd8+ Nf8 34.
d5 Rg6+ 35. Rg3 Rxg3+ 36. hxg3 Qf3 37. Qg5 Bd3 38. e6 Be4 39. exf7+ Kxf7 40.
Nxe4 Qg2# 0-1

[Event "IV Torneo Internacional Ciudad de La Lag"]
[Site "Casino de La Laguna. C/ Nava y"]
[Date "2010.04.07"]
[Round "3"]
[White "Rodriguez Lopez, Rafael"]
[Black "Molina Rodriguez, Borja"]
[Result "1-0"]
[WhiteElo "2301"]
[BlackElo "1941"]
[PlyCount "73"]
[EventDate "2010.04.05"]

1. e4 c5 2. Nf3 Nc6 3. d4 cxd4 4. Nxd4 Nf6 5. Nc3 e5 6. Ndb5 d6 7. Bg5 a6 8.
Na3 b5 9. Nd5 Be7 10. Bxf6 Bxf6 11. c4 b4 12. Nc2 a5 13. Be2 Bg5 14. O-O O-O
15. g3 Rb8 16. h4 Bh6 17. b3 Be6 18. Bf3 Qd7 19. Qd3 Rfd8 20. Rfd1 Qa7 21. Kg2
Ne7 22. Nxe7+ Qxe7 23. a3 a4 24. Nxb4 Rdc8 25. bxa4 Bxc4 26. Qxd6 Qe8 27. Bg4
Rd8 28. Bd7 Qf8 29. Qxf8+ Kxf8 30. Nc6 Be2 31. Re1 Rxd7 32. Nxb8 Rd2 33. a5 Be3
34. fxe3 Bg4+ 35. Kg1 Bh3 36. a6 Rg2+ 37. Kh1 1-0

[Event "IV Torneo Internacional Ciudad de La Lag"]
[Site "Casino de La Laguna. C/ Nava y"]
[Date "2010.04.07"]
[Round "3"]
[White "Skutta, Bernd Dr"]
[Black "Pueyo Marina, Gerardo"]
[Result "1-0"]
[WhiteElo "2142"]
[BlackElo "1905"]
[PlyCount "79"]
[EventDate "2010.04.05"]

1. d4 Nf6 2. Nf3 e6 3. c4 b6 4. g3 Bb7 5. Bg2 Ne4 6. O-O Be7 7. Nfd2 f5 8. Nxe4
Bxe4 9. f3 Bb7 10. e4 O-O 11. Nc3 Nc6 12. Be3 d6 13. f4 Qd7 14. Re1 Nd8 15.
exf5 Rxf5 16. d5 c6 17. Be4 Rf7 18. Qg4 Bf8 19. Qf3 cxd5 20. cxd5 e5 21. f5 Rc8
22. g4 Rc4 23. Qg2 Be7 24. Bd3 Rc8 25. Bb5 Qc7 26. Rac1 a6 27. Na4 Qb8 28. Be8
Rf8 29. Bd7 Rc7 30. Nxb6 Ba8 31. Rxc7 Qxc7 32. Rc1 Qb7 33. Rc8 Bg5 34. Bf2 Nf7
35. Rxf8+ Kxf8 36. Bc6 Qc7 37. Nxa8 Qa5 38. Qe4 Qd2 39. Nc7 Qd1+ 40. Kg2 1-0

[Event "IV Torneo Internacional Ciudad de La La"]
[Site "Casino de La Laguna. C/ Nava "]
[Date "2010.04.07"]
[Round "3"]
[White "Cruz Gomez, Isidro"]
[Black "Gomez, Gustavo Pizzocaro"]
[Result "0-1"]
[WhiteElo "1931"]
[BlackElo "2137"]
[PlyCount "82"]
[EventDate "2010.04.05"]

1. d4 Nf6 2. c4 e6 3. Nf3 b6 4. g3 Ba6 5. b3 Bb4+ 6. Bd2 Be7 7. Bg2 c6 8. O-O
d5 9. Ne5 Nfd7 10. Nxd7 Nxd7 11. Bc3 f5 12. Nd2 O-O 13. Rc1 Rc8 14. Bb2 Bd6 15.
e3 Qe7 16. Re1 Nf6 17. Nf3 Nd7 18. Nd2 g5 19. f3 Qf7 20. Rf1 Qg6 21. e4 f4 22.
e5 Be7 23. Qc2 Qh6 24. Rf2 g4 25. Nf1 fxg3 26. Nxg3 Bg5 27. Kh1 Be3 28. Rcf1
Bxf2 29. Rxf2 gxf3 30. Bxf3 Qh4 31. Qd3 Kh8 32. Bc1 Rg8 33. Rg2 Rcf8 34. Bd2
dxc4 35. bxc4 Bxc4 36. Qc3 Rxf3 37. Qxf3 Bd5 38. Qf2 Qh3 39. Kg1 Bxg2 40. Qxg2
Qxg2+ 41. Kxg2 Rg4 0-1

[Event "IV Torneo Internacional Ciudad de La Lag"]
[Site "Casino de La Laguna. C/ Nava y"]
[Date "2010.04.07"]
[Round "3"]
[White "Hernandez Leon, Sergio"]
[Black "Bernad Millan, Ignacio"]
[Result "1/2-1/2"]
[WhiteElo "2122"]
[BlackElo "1891"]
[PlyCount "37"]
[EventDate "2010.04.05"]

1. d4 d5 2. Nf3 Nf6 3. c4 e6 4. Nc3 Nbd7 5. cxd5 exd5 6. Bg5 Bb4 7. Qb3 c5 8.
dxc5 Qa5 9. a3 Bxc3+ 10. Qxc3 Qxc3+ 11. bxc3 Ne4 12. e3 f6 13. Bf4 Ndxc5 14. c4
Be6 15. cxd5 Bxd5 16. Bb5+ Kf7 17. O-O a6 18. Be2 Nc3 19. Nd4 1/2-1/2

[Event "IV Torneo Internacional Ciudad de La Lag"]
[Site "Casino de La Laguna. C/ Nava y"]
[Date "2010.04.07"]
[Round "3"]
[White "Heimbaecher, Peter Dr"]
[Black "Rodriguez Lapetra, Pablo"]
[Result "0-1"]
[WhiteElo "1917"]
[BlackElo "2105"]
[PlyCount "83"]
[EventDate "2010.04.05"]

1. e4 c5 2. Nf3 Nc6 3. d4 cxd4 4. Nxd4 Nf6 5. Nc3 e5 6. Ndb5 d6 7. Bg5 a6 8.
Na3 b5 9. Nd5 Be7 10. Bxf6 Bxf6 11. c3 Bg5 12. h4 Bh6 13. g4 Bf4 14. Nxf4 exf4
15. Qd5 Bb7 16. O-O-O O-O 17. Qxd6 Qa5 18. Qxf4 b4 19. Rd5 Qa4 20. Bc4 Ne7 21.
cxb4 Nxd5 22. exd5 Rac8 23. Kb1 Qxb4 24. Rc1 Bxd5 25. g5 Bxc4 26. Nxc4 a5 27.
h5 Rc6 28. h6 Rfc8 29. Qe5 Qf8 30. b3 a4 31. f4 gxh6 32. gxh6 Qxh6 33. f5 Qf6
34. Rg1+ Kf8 35. Qf4 axb3 36. axb3 Ra8 37. Ne5 Rd6 38. Re1 Rad8 39. Qb4 Qxf5+
40. Re4 Kg8 41. Ng4 Qg6 42. Kb2 0-1

[Event "IV Torneo Internacional Ciudad de La Lag"]
[Site "Casino de La Laguna. C/ Nava y"]
[Date "2010.04.07"]
[Round "3"]
[White "Kraus, Oliver"]
[Black "Cruz Veloz, Merquis Jesus"]
[Result "0-1"]
[WhiteElo "2104"]
[BlackElo "1888"]
[PlyCount "78"]
[EventDate "2010.04.05"]

1. e4 c5 2. Nf3 d6 3. d4 cxd4 4. Nxd4 Nf6 5. Nc3 a6 6. Be2 b5 7. O-O Bb7 8. Be3
Nxe4 9. Nxe4 Bxe4 10. c4 e5 11. Nf3 bxc4 12. Bxc4 Be7 13. Ng5 Bxg5 14. Qh5 Bg6
15. Qxg5 Qxg5 16. Bxg5 f6 17. Bd5 Ra7 18. Be3 Rd7 19. Be6 Rb7 20. Rac1 Ke7 21.
Bd5 Rd7 22. b3 Bf7 23. Bf3 Be6 24. Be2 Rb7 25. f4 Rc8 26. fxe5 fxe5 27. Bg5+
Kd7 28. Rxc8 Kxc8 29. Rf8+ Kc7 30. Re8 Bd5 31. Bg4 Nc6 32. Rc8+ Kb6 33. Be3+
Nd4 34. Bf3 Bxf3 35. gxf3 Rc7 36. Rd8 Kc6 37. Kf2 Kd5 38. Ra8 Rc2+ 39. Kg3 Nf5+
0-1

[Event "IV Torneo Internacional Ciudad de La Lag"]
[Site "Casino de La Laguna. C/ Nava y"]
[Date "2010.04.07"]
[Round "3"]
[White "Pimienta Sanchez, Manuel"]
[Black "Ramirez Alvarez, Roberto"]
[Result "0-1"]
[WhiteElo "1891"]
[BlackElo "2103"]
[PlyCount "26"]
[EventDate "2010.04.05"]

1. d4 d5 2. c4 c6 3. cxd5 cxd5 4. Nc3 Nf6 5. Nf3 Nc6 6. Bf4 e6 7. e3 Bd6 8. Ne5
O-O 9. Bb5 Bxe5 10. dxe5 Nd7 11. Bxc6 bxc6 12. O-O f5 13. exf6 Nxf6 {
irreproducible} 0-1

[Event "IV Torneo Internacional Ciudad de La Lag"]
[Site "Casino de La Laguna. C/ Nava y"]
[Date "2010.04.07"]
[Round "3"]
[White "Olivera Gutierrez, Albert"]
[Black "Damaso Tacoronte, Carolina"]
[Result "1-0"]
[WhiteElo "2101"]
[BlackElo "1878"]
[PlyCount "31"]
[EventDate "2010.04.05"]

1. e4 e5 2. Nf3 Nf6 3. d4 Nxe4 4. Bd3 d5 5. Nxe5 Be7 6. O-O O-O 7. Nc3 Nxc3 8.
bxc3 Nd7 9. Nxd7 Qxd7 10. Rb1 c6 11. c4 dxc4 12. Bxc4 b5 13. Bd3 Bb7 14. Re1
Bd6 15. Re3 g6 16. Rh3 1-0

[Event "IV Torneo Internacional Ciudad de La Lag"]
[Site "Casino de La Laguna. C/ Nava y"]
[Date "2010.04.07"]
[Round "3"]
[White "Guardia Bencomo, Tomas"]
[Black "Lopez Pereyra, Antonio"]
[Result "0-1"]
[WhiteElo "1885"]
[BlackElo "2097"]
[PlyCount "78"]
[EventDate "2010.04.05"]

1. c4 e5 2. Nc3 Nc6 3. g3 f5 4. Bg2 Nf6 5. d3 g6 6. Nf3 Bg7 7. O-O O-O 8. Bg5
h6 9. Bxf6 Qxf6 10. Nd5 Qd8 11. Rb1 d6 12. b4 Be6 13. b5 Nb8 14. a4 Bxd5 15.
cxd5 Nd7 16. Qc2 Rf7 17. Nd2 h5 18. Rb4 g5 19. f4 gxf4 20. gxf4 Bh6 21. fxe5
Nxe5 22. Nc4 Qg5 23. Nxe5 dxe5 24. e4 f4 25. Rf3 Rg7 26. Rc4 Qe7 27. Qb2 Kh8
28. Rc2 Rag8 29. Re2 Rg5 30. Rxf4 Rxg2+ 31. Rxg2 Rxg2+ 32. Kxg2 Bxf4 33. Kf3
Qg5 34. Qb4 Qg4+ 35. Kf2 Qh4+ 36. Kf3 Qh3+ 37. Ke2 Qe3+ 38. Kf1 Qxd3+ 39. Kg2
Qe2+ 0-1

[Event "IV Torneo Internacional Ciudad de La Lag"]
[Site "Casino de La Laguna. C/ Nava y"]
[Date "2010.04.07"]
[Round "3"]
[White "Perez Aleman, Pedro Tomas"]
[Black "Arana Herrera, Antonio"]
[Result "1-0"]
[WhiteElo "2094"]
[BlackElo "1819"]
[PlyCount "85"]
[EventDate "2010.04.05"]

1. e4 e5 2. Nf3 Nf6 3. Nxe5 d6 4. Nf3 Nxe4 5. Nc3 Nxc3 6. dxc3 Be7 7. Be3 Be6
8. Qd2 c6 9. h4 Qa5 10. Nd4 Na6 11. Bg5 Bxg5 12. hxg5 Qe5+ 13. Be2 O-O-O 14.
O-O-O Nc7 15. c4 Qc5 16. Nxe6 Nxe6 17. f4 h6 18. gxh6 Rxh6 19. Rxh6 gxh6 20. g4
d5 21. cxd5 Rxd5 22. Bd3 Qd6 23. f5 Nf4 24. Qe3 Nxd3+ 25. cxd3 Qc5+ 26. Qxc5
Rxc5+ 27. Kd2 h5 28. gxh5 Rxf5 29. Rh1 Rg5 30. h6 Rg8 31. Ke3 Kd7 32. Kf4 Ke6
33. h7 Rh8 34. Kg5 c5 35. Kh6 b5 36. Kg7 Rxh7+ 37. Rxh7 f5 38. Rh5 c4 39. dxc4
bxc4 40. Kg6 f4 41. Rc5 Kd6 42. Rxc4 Ke5 43. Kg5 1-0

[Event "IV Torneo Internacional Ciudad de La Lag"]
[Site "Casino de La Laguna. C/ Nava y"]
[Date "2010.04.07"]
[Round "3"]
[White "De La Rubia Ramirez, Dulce N"]
[Black "Barrio Pareja, Eduardo"]
[Result "0-1"]
[WhiteElo "1778"]
[BlackElo "2093"]
[PlyCount "124"]
[EventDate "2010.04.05"]

1. e4 c5 2. Nf3 g6 3. c3 d5 4. Bb5+ Bd7 5. Qe2 dxe4 6. Bxd7+ Qxd7 7. Qxe4 Nc6
8. O-O Nf6 9. Qe2 Rd8 10. Rd1 Qd3 11. Qxd3 Rxd3 12. Na3 Bg7 13. Nc4 Nd7 14. Ne1
Rd5 15. d3 O-O 16. Bf4 e5 17. Bg3 Rd8 18. Ne3 Rd6 19. f4 b5 20. a4 b4 21. Rd2
bxc3 22. bxc3 f5 23. Rad1 Nb6 24. fxe5 Bxe5 25. Bxe5 Nxe5 26. a5 Na4 27. c4 Nc3
28. Rc1 Ne4 29. Rdd1 Nxd3 30. Nxd3 Rxd3 31. Rxd3 Rxd3 32. Nd5 Ra3 33. h3 Rxa5
34. Rb1 Ra4 35. Rb8+ Kg7 36. Rb7+ Kh6 37. Ne3 a5 38. Rb6 Kg5 39. Rb7 Kf4 40.
Nd5+ Kg3 41. Rb3+ Kh4 42. g4 Rxc4 43. gxf5 gxf5 44. Ne3 Rc1+ 45. Kg2 Kg5 46.
h4+ Kf4 47. Nd5+ Ke5 48. Ne3 a4 49. Ra3 Rc3 50. Rxc3 Nxc3 51. Kf3 Nd5 52. Nc2
h5 53. Na3 Kd4 54. Ke2 c4 55. Nb5+ Kc5 56. Na3 Kb4 57. Nc2+ Kc3 58. Kd1 f4 59.
Na3 Ne3+ 60. Ke2 Kb3 61. Nb1 a3 62. Nd2+ Kb2 0-1

[Event "IV Torneo Internacional Ciudad de La Lag"]
[Site "Casino de La Laguna. C/ Nava y"]
[Date "2010.04.07"]
[Round "3"]
[White "Abreu Suarez, Isauro"]
[Black "Gonzalez Perez, Cristina"]
[Result "1-0"]
[WhiteElo "2072"]
[BlackElo "1742"]
[PlyCount "51"]
[EventDate "2010.04.05"]

1. e4 d6 2. d4 Nf6 3. Nc3 g6 4. Bg5 Bg7 5. f4 h6 6. Bh4 c6 7. Qd2 b5 8. Bd3 Bb7
9. Nf3 a6 10. e5 dxe5 11. dxe5 Nd5 12. e6 O-O 13. exf7+ Rxf7 14. Bxg6 Rf8 15.
Nxd5 Qxd5 16. Qxd5+ cxd5 17. O-O-O Rxf4 18. Bxe7 Rg4 19. Bf5 Rxg2 20. Be6+ Kh7
21. Rhe1 Rf2 22. Nd4 Bxd4 23. Rxd4 Rxh2 24. Rg4 h5 25. Bg8+ Kh6 26. Bf8# 1-0

[Event "IV Torneo Internacional Ciudad de La Lag"]
[Site "Casino de La Laguna. C/ Nava y"]
[Date "2010.04.07"]
[Round "3"]
[White "Machin Arbelo, Pedro Alexis"]
[Black "Korneev, Svyatoslav"]
[Result "1-0"]
[WhiteElo "2043"]
[BlackElo "1681"]
[PlyCount "43"]
[EventDate "2010.04.05"]

1. d4 Nf6 2. Nc3 d5 3. Bg5 Nbd7 4. Nf3 c6 5. e3 g6 6. Bd3 Bg7 7. Qe2 O-O 8. h4
h6 9. Bf4 b5 10. O-O-O a5 11. Rdg1 Nb6 12. Ne5 Qe8 13. g4 Nc4 14. g5 Nxe5 15.
dxe5 Nh5 16. gxh6 Nxf4 17. h7+ Kxh7 18. exf4 f6 19. exf6 Rxf6 20. h5 Bf5 21.
hxg6+ Kg8 22. Bxf5 1-0

[Event "IV Torneo Internacional Ciudad de La La"]
[Site "Casino de La Laguna. C/ Nava "]
[Date "2010.04.07"]
[Round "3"]
[White "Rincon Martin, Santiago"]
[Black "Heimbaecher, Felix"]
[Result "0-1"]
[WhiteElo "1736"]
[BlackElo "2023"]
[PlyCount "60"]
[EventDate "2010.04.05"]

1. d4 Nf6 2. c4 e6 3. Nf3 d5 4. Bf4 Bb4+ 5. Nc3 O-O 6. a3 Bxc3+ 7. bxc3 c5 8.
h3 Ne4 9. Qb3 Nc6 10. Nd2 Nxd2 11. Bxd2 cxd4 12. cxd5 exd5 13. cxd4 Nxd4 14.
Qb2 Ne6 15. e3 b6 16. Bb5 Nc5 17. Bc3 Bd7 18. Rd1 Bxb5 19. Qxb5 Qg5 20. O-O
Rfd8 21. Rd4 Ne6 22. Rg4 Qe7 23. Qb2 f5 24. Bf6 Qf7 25. Rg3 Rd7 26. Re1 Rc8 27.
Qb5 Rc5 28. Qb2 Rc4 29. Be5 g6 30. Qb5 Nc5 {Ilegible} 0-1

[Event "IV Torneo Internacional Ciudad de La Lag"]
[Site "Casino de La Laguna. C/ Nava y"]
[Date "2010.04.07"]
[Round "3"]
[White "Henriquez Garcia, David"]
[Black "Rodriguez Manzaneda, Irene"]
[Result "1-0"]
[WhiteElo "2014"]
[BlackElo "1657"]
[PlyCount "109"]
[EventDate "2010.04.05"]

1. e4 c5 2. Nf3 Nc6 3. d4 cxd4 4. Nxd4 Nf6 5. Nc3 e5 6. Ndb5 d6 7. a4 Bg4 8. f3
Be6 9. Bg5 a6 10. Na3 Be7 11. Qd2 Qb6 12. Nc4 Qd4 13. Be3 Qxd2+ 14. Bxd2 Rd8
15. Ne3 Nb4 16. O-O-O d5 17. exd5 Nbxd5 18. Ncxd5 Nxd5 19. Nxd5 Bxd5 20. Bd3
O-O 21. Rhe1 f6 22. Ba5 Rd6 23. Bb4 Rd7 24. Bxe7 Rxe7 25. Bxh7+ Kxh7 26. Rxd5
Rc8 27. b3 Rec7 28. Re2 Rc5 29. Rxc5 Rxc5 30. Kb2 Kg6 31. c4 Kf5 32. Kc3 a5 33.
b4 axb4+ 34. Kxb4 b6 35. Rd2 Ke6 36. Rd8 f5 37. Rb8 Rc6 38. Re8+ Kf6 39. a5
bxa5+ 40. Kb5 Re6 41. Rf8+ Kg6 42. c5 e4 43. fxe4 fxe4 44. c6 e3 45. Rf1 e2 46.
Re1 a4 47. c7 Re8 48. Rxe2 Rxe2 49. c8=Q Rb2+ 50. Kxa4 Kh7 51. Ka3 Rb6 52. Qc7
Rh6 53. Kb3 Kh8 54. Kc3 Rh4 55. Qd8+ 1-0

[Event "IV Torneo Internacional Ciudad de La Lag"]
[Site "Casino de La Laguna. C/ Nava y"]
[Date "2010.04.07"]
[Round "3"]
[White "Saez Gabikagogeaskoa, Oscar"]
[Black "Suarez Ramirez, Jonay"]
[Result "1-0"]
[WhiteElo "1969"]
[BlackElo "1456"]
[PlyCount "53"]
[EventDate "2010.04.05"]

1. e4 c5 2. Nf3 Nc6 3. d4 cxd4 4. Nxd4 g6 5. Nxc6 bxc6 6. Qd4 Nf6 7. e5 Nd5 8.
e6 Nf6 9. exf7+ Kxf7 10. Bc4+ d5 11. Bb3 Bg7 12. O-O Qd6 13. Bf4 Ng4 14. Qd2 e5
15. Bg3 h5 16. h4 Bh6 17. Qe2 Bf5 18. c4 Rac8 19. Nc3 Kf6 20. cxd5 cxd5 21.
Nxd5+ Kg7 22. Rad1 Rcd8 23. Ne3 Bd3 24. Rxd3 Qxd3 25. Qxd3 Rxd3 26. Nxg4 hxg4
27. Bxe5+ 1-0

[Event "IV Torneo Internacional Ciudad de La Lag"]
[Site "Casino de La Laguna. C/ Nava y"]
[Date "2010.04.07"]
[Round "3"]
[White "Perez Martin, Nicanor"]
[Black "Septien Lopez, Valeriano"]
[Result "0-1"]
[WhiteElo "1521"]
[BlackElo "1945"]
[PlyCount "68"]
[EventDate "2010.04.05"]

1. d4 d5 2. c4 dxc4 3. e3 c5 4. Nf3 cxd4 5. Qxd4 Qxd4 6. Nxd4 e5 7. Nb5 Na6 8.
Bxc4 Nf6 9. N1c3 Bd7 10. O-O Be7 11. a4 O-O 12. Nd5 Nxd5 13. Bxd5 Nc5 14. Rd1
Rfd8 15. b4 Nxa4 16. Rxa4 Bxb5 17. Ra2 Bxb4 18. e4 Bc4 19. Rb2 Bxd5 20. Rxb4
Bxe4 21. Re1 Bc6 22. Bb2 f6 23. h3 a5 24. Rg4 Kf7 25. Re3 a4 26. Ba3 Rd1+ 27.
Kh2 Rad8 28. Kg3 R8d3 29. Bc5 Rxe3+ 30. fxe3 Rd3 31. Rc4 a3 32. Rc2 Bd5 33. Bb4
Rxe3+ 34. Kg4 Re4+ 0-1

[Event "IV Torneo Internacional Ciudad de La La"]
[Site "Casino de La Laguna. C/ Nava "]
[Date "2010.04.07"]
[Round "3"]
[White "Martin Hernandez, Jonas David"]
[Black "Navarro Molina, David"]
[Result "0-1"]
[WhiteElo "1924"]
[BlackElo "1967"]
[PlyCount "74"]
[EventDate "2010.04.05"]

1. e4 c5 2. d4 cxd4 3. c3 dxc3 4. Nxc3 e6 5. Nf3 a6 6. Bf4 d6 7. Be2 Be7 8. O-O
b5 9. Qb3 e5 10. Be3 Be6 11. Qd1 Nf6 12. Ng5 Bd7 13. Nd5 Nxd5 14. Qxd5 Bxg5 15.
Qxa8 Bxe3 16. fxe3 Qb6 17. Qd5 Qxe3+ 18. Rf2 O-O 19. Qxd6 Qxe4 20. Bd3 Qe3 21.
Bxh7+ Kxh7 22. Qxf8 Nc6 23. Qxf7 Bg4 24. h3 Nd4 25. Kh2 Ne2 26. Rf3 Qh6 27. Rd3
e4 28. Rd8 Be6 29. Qf8 Qg5 30. Qh8+ Kg6 31. Qe8+ Kh7 32. Qh8+ Kg6 33. Rf1 Qe5+
34. Kh1 Ng3+ 35. Kg1 Qc5+ 36. Rf2 Ne2+ 37. Kf1 Qc1+ 0-1

[Event "IV Torneo Internacional Ciudad de La Lag"]
[Site "Casino de La Laguna. C/ Nava y"]
[Date "2010.04.07"]
[Round "3"]
[White "Darias Darias, Luis"]
[Black "Estevez Hernandez, Cristo"]
[Result "1/2-1/2"]
[WhiteElo "1931"]
[BlackElo "1810"]
[PlyCount "32"]
[EventDate "2010.04.05"]

1. d4 Nf6 2. Nf3 e6 3. e3 b6 4. Bd3 Bb7 5. Nbd2 d5 6. O-O c5 7. c3 Nc6 8. e4
Be7 9. e5 Nd7 10. Re1 cxd4 11. cxd4 Nb4 12. Bb1 Ba6 13. Re3 Rc8 14. a3 Nc6 15.
Nf1 Na5 16. b3 Rc7 {irreproducible} 1/2-1/2

[Event "IV Torneo Internacional Ciudad de La Lag"]
[Site "Casino de La Laguna. C/ Nava y"]
[Date "2010.04.07"]
[Round "3"]
[White "Perez Barreto, Adrian"]
[Black "Gonzalez Moreno, Juan Carlos"]
[Result "1/2-1/2"]
[WhiteElo "1644"]
[BlackElo "1714"]
[PlyCount "72"]
[EventDate "2010.04.05"]

1. d4 d6 2. c4 e5 3. dxe5 dxe5 4. Qxd8+ Kxd8 5. Nc3 Be6 6. b3 c6 7. Bb2 f6 8.
O-O-O+ Kc7 9. Nf3 Nh6 10. e3 Nd7 11. Ne4 Nf7 12. h3 Nc5 13. Nfd2 Rd8 14. Nxc5
Bxc5 15. Be2 Rd7 16. Ne4 Rxd1+ 17. Rxd1 Be7 18. f4 exf4 19. exf4 Rd8 20. Rxd8
Kxd8 21. g4 f5 22. Ng3 g6 23. gxf5 gxf5 24. Bd3 Bd6 25. Ne2 Ke7 26. Kc2 c5 27.
Bc1 Nh8 28. Ng3 Ng6 29. Nxf5+ Bxf5 30. Bxf5 Nxf4 31. Bxf4 Bxf4 32. Bxh7 Kf6 33.
Kd3 Ke5 34. h4 Bg3 35. h5 Bf4 36. a3 a5 1/2-1/2

[Event "IV Torneo Internacional Ciudad de La La"]
[Site "?"]
[Date "2010.04.08"]
[Round "4.1"]
[White "Ulibin, M."]
[Black "Bruzon Batista, L."]
[Result "1-0"]
[WhiteElo "2516"]
[BlackElo "2641"]
[PlyCount "67"]
[EventDate "2010.??.??"]

1. d4 d5 2. c4 c6 3. Nf3 Nf6 4. Nc3 dxc4 5. a4 e6 6. e3 c5 7. Bxc4 Nc6 8. O-O
cxd4 9. exd4 Be7 10. Be3 O-O 11. Ne5 Nd5 12. Nxd5 exd5 13. Bd3 g6 14. Bb5 Bd7
15. Qb3 a6 16. Bxc6 Bxc6 17. Rfc1 Rb8 18. Bf4 Bg5 19. Bxg5 Qxg5 20. Rc5 Rfe8
21. h3 Qf4 22. Qc3 f6 23. Nxc6 bxc6 24. Rxc6 Re2 25. Rf1 Rbxb2 26. Qc5 Kg7 27.
Rc7+ Kh6 28. Qf8+ Kg5 29. Rxh7 Qb8 30. Qh6+ Kf5 31. Rg7 g5 32. Qg6+ Ke6 33.
Qf7+ Kf5 34. Qxd5+ 1-0

[Event "IV Torneo Internacional Ciudad de La La"]
[Site "?"]
[Date "2010.04.08"]
[Round "4.2"]
[White "González, Y."]
[Black "Gleizerov, E."]
[Result "1-0"]
[WhiteElo "2512"]
[BlackElo "2565"]
[PlyCount "71"]
[EventDate "2010.??.??"]

1. e4 e6 2. d4 d5 3. Nd2 Nf6 4. e5 Nfd7 5. Bd3 c5 6. c3 Nc6 7. Ngf3 g6 8. h4 h6
9. Qe2 cxd4 10. cxd4 Nb4 11. Nb1 Nxd3+ 12. Qxd3 Nb8 13. Nc3 b6 14. O-O Qd7 15.
Nb5 a5 16. a4 Nc6 17. Bd2 Nb4 18. Qc3 Kd8 19. Qe3 Ba6 20. Qf4 Rh7 21. h5 gxh5
22. Qh4+ Be7 23. Qg3 Rh8 24. Qg7 Rf8 25. Bxh6 Bxb5 26. axb5 Qxb5 27. Ng5 Kd7
28. Nh7 Qd3 29. Nxf8+ Rxf8 30. Rfd1 Qf5 31. Ra3 Qc2 32. Rc1 Qxb2 33. Rac3 Nc6
34. Qh7 Re8 35. Qxf7 Qb4 36. Rxc6 1-0

[Event "IV Torneo Internacional Ciudad de La La"]
[Site "?"]
[Date "2010.04.08"]
[Round "4.3"]
[White "Diamant, A."]
[Black "Hernandez, H."]
[Result "1/2-1/2"]
[WhiteElo "2486"]
[BlackElo "2541"]
[PlyCount "42"]
[EventDate "2010.??.??"]

1. e4 c5 2. Nf3 d6 3. d4 cxd4 4. Nxd4 Nf6 5. Nc3 a6 6. Be2 e5 7. Nb3 Be7 8. O-O
O-O 9. Kh1 Nc6 10. a4 Nb4 11. f4 Bd7 12. Be3 Bc6 13. Bf3 b5 14. axb5 axb5 15.
Qe2 Qc7 16. Rfd1 h6 17. Qd2 Rxa1 18. Rxa1 Ra8 19. Rd1 Na6 20. Ra1 Nb4 21. Rd1
Na6 1/2-1/2

[Event "IV Torneo Internacional Ciudad de La La"]
[Site "?"]
[Date "2010.04.10"]
[Round "4.4"]
[White "Miton, K."]
[Black "Heberla, B."]
[Result "1/2-1/2"]
[WhiteElo "2581"]
[BlackElo "2509"]
[PlyCount "23"]
[EventDate "2010.??.??"]

1. e4 c5 2. Nf3 Nc6 3. Nc3 e6 4. d4 cxd4 5. Nxd4 Nf6 6. Ndb5 d6 7. Bf4 e5 8.
Bg5 a6 9. Na3 b5 10. Nd5 Qa5+ 11. Bd2 Qd8 12. Bg5 1/2-1/2